000 00850cam a2200253 a 4500
001 52175
003 BD-RjUL
005 20211209075750.0
008 160906s1967 pk bl 001 0 eng
035 _a(BD-RjUL) 52295
040 _aDLC
_cDLC
_dDLC
_beng
041 _aeng
082 0 0 _a345.49105002632
_219
_bMAP 1967
100 1 _aMahmood, Shaukat.
_9156065
245 1 4 _aThe Pakistan penal code (XLV of 1880) /
_cby Sh. Shaukat Mahmood.
260 _aLahore :
_bLegal Research Centre,
_c1967
300 _a3 v. ;
_c25 cm.
504 _aIncludes bibliographical references and index.
505 0 _aV. 1. Sections 1-299 -- v. 2. Sections 300-379 -- v. 3. Sections 380-index
650 0 _aCriminal law
_zPakistan.
_9156066
710 1 2 _aPakistan.
_tPakistan Penal Code.
_f1985.
_9156067
942 _2ddc
_cBK
999 _c52175
_d52175